Family involvement in children's education : successful local approaches : an idea book.

Bibliographic Details
Main Author: Funkhouser, Janie E.
Corporate Author: United States. Office of Educational Research and Improvement
Other Authors: Gonzales, Miriam R.
Format: Government Document Book
Language:English
Published: Washington, DC : Office of Educational Research and Improvement, U.S. Dept. of Education : [1997]
Subjects:

MARC

Tag First Indicator Second Indicator Subfields
LEADER 00000cam a2200000 a 4500
001 in00001398621
005 20151020052743.0
008 971021s1997 dcu b f000 0 eng d
010 |a gp 97076730  
020 |a 0160492548 :  |c $13.00 
035 |a (OCoLC)37814484 
035 |9 AHM5487AM 
037 |a 065-000-01085-2  |b GPO 
040 |a GPO  |c GPO  |d DLC  |d MvI  |d UtOrBLW 
043 |a n-us--- 
074 |a 0461-D-05 
086 0 |a ED 1.302:F 21/3 
088 |a AR 97-7022 
100 1 |a Funkhouser, Janie E. 
245 1 0 |a Family involvement in children's education :  |b successful local approaches : an idea book. 
264 1 |a Washington, DC :  |b Office of Educational Research and Improvement, U.S. Dept. of Education :  |c [1997] 
264 2 |a Washington, DC :  |b For sale by the U.S. G.P.O., Supt. of Docs., 
300 |a xv, 43 pages, 92 unnumbered pages ;  |c 28 cm. 
336 |a text  |b txt  |2 rdacontent 
337 |a unmediated  |b n  |2 rdamedia 
338 |a volume  |b nc  |2 rdacarrier 
500 |a Shipping list number: 98-0015-P. 
500 |a "October 1997"--Title page verso. 
504 |a Includes bibliographical references. 
500 |a "AR 97-7022"--P. [4] of cover. 
650 0 |a Education  |x Parent participation  |z United States. 
650 0 |a Home and school  |z United States. 
700 1 |a Gonzales, Miriam R. 
710 1 |a United States.  |b Office of Educational Research and Improvement. 
999 |a MARS 
999 f f |s 35c3520a-a645-3423-813e-cb953a80d6d0  |i 32da8b70-7420-371f-9444-7b696a037d8e  |t 0 
952 f f |p normal  |a Texas A&M University  |b College Station  |c Sterling C. Evans Library  |d Evans: US Documents (Annex 5th floor)  |t 0  |e ED 1.302:F 21/3  |h Superintendent of Documents classification  |i unmediated -- volume  |m A14821786927 
998 f f |a ED 1.302:F 21/3  |t 0  |l Evans: US Documents (Annex 5th floor)